000 00573nam a2200181Ia 4500
008 090123s9999 xx 000 0 und d
082 _b7379
_a891.463/भागव
100 _aभागवत यशवंत
245 _aआस किनाऱ्याची
250 _a1
260 _bमनोरमा प्रकाशन
300 _a227
600 _aभागवत यशवंत
630 _aआस किनाऱ्याची
700 _aभागवत यशवंत
730 _aआस किनाऱ्याची
942 _cBOOK
999 _c45445
_d45445